Analytický pohľad na podmienky maloobchodných sietí v odbytovom kanáli a porovnanie s podmienkami najväčšieho online maloobchodného predajcu inauguračná prednáška

Saved in:
Bibliographic Details
Main Author: Dorčák, Peter, 1979-
Corporate Author: Ekonomická univerzita v Bratislave. Fakulta podnikového manažmentu
Format: Book
Language:Slovak
Published: Bratislava Vydavateľstvo EKONÓM 2017
Series:Habilitačné a inauguračné prednášky
Subjects:
Tags: Add Tag
No Tags, Be the first to tag this record!

MARC

LEADER 00000nam$a2200000$$$4500
001 0243796
005 20240318125510.6
020 |a 978-80-8165-228-8 
041 0 |a slo 
044 |a SK 
245 1 0 |a Analytický pohľad na podmienky maloobchodných sietí v odbytovom kanáli a porovnanie s podmienkami najväčšieho online maloobchodného predajcu  |b inauguračná prednáška  |c Peter Dorčák 
264 1 |a Bratislava  |b Vydavateľstvo EKONÓM  |c 2017 
300 |a 91 s. 
490 1 |a Habilitačné a inauguračné prednášky 
830 0 |a Habilitačné a inauguračné prednášky 
610 2 0 |a kanály odbytové 
610 2 0 |a siete maloobchodné 
610 2 0 |a maloobchod 
610 2 0 |a predaj 
100 1 |a Dorčák, Peter, 1979- 
710 2 |a Ekonomická univerzita v Bratislave. Fakulta podnikového manažmentu